000 00463nam a22001691c 4500
001 a987658677
008 070926s2007 gw |||| 000u ger d
041 _ager
245 0 0 _aSankt Petersburg :
_bSchauplätze einer Stadtgeschichte
264 _aFrankfurt :
_bCampus,
_c2007
300 _a439 S.
700 1 _aSchlögel, Karl
_eHerausgeberIn
700 1 _aSchenk, Frithjof Benjamin
_eHerausgeberIn
942 _cMG
040 _cRU-10907106
003 RU-10907106
999 _c13191
_d13191